000 01069nam0a22002771 4500
001 rc\2377053
005 20250623101335.0
035 _a(NLR Aleph) 006716463
090 _a5397686
_c5397686
100 _a20110829d1979 |||y0rusy50 ca
101 0 _arus
102 _aRU
105 _ay z |||||
200 1 _aВопросы специализации и совершенствования расчетно-кредитных отношений в строительстве
210 _aКазань
_cТатар. кн. изд-во
_d1979
215 _a199 с.
_d20
606 _aСтроительные организации
_xКредитование и финансирование
_2psbo
606 _aСтроительные организации
_xСпециализация
_2psbo
700 1 _aЗиатдинов
_bС.Ш.
_gСалих Шарафутдинович
801 0 _aRU
_bNLR
_gpsbo
801 1 _aRU
_bELAR
_2rusmarc
852 _aNLR
_j80-3/147
899 _aRuMoRGB
_jВ 79-49/270
899 _aRuMoRGB
_jВ 79-49/271
942 _cBOOK
980 _aNB